000 00490nam a2200169Ia 4500
999 _c6575
_d6575
003 OSt
005 20200123105050.0
008 190216s9999||||xx |||||||||||||| ||und||
020 _a8125910557
040 _coclc
082 _a658.3
_bSAS/D
100 _aSastry, R C
_91370
245 0 _aDharmic Values & Human Resource Management /
_cR C Sastry
260 _bVikas Publications,
_c2001.
_aNew Delhi:
300 _a302p
942 _cBK
_2ddc
_h658.3
_iSAS/D
_k658.3
_mSAS/D